| 000 | 01141cad a22002055a 4500 | ||
|---|---|---|---|
| 001 | L156507 | ||
| 008 | 120530e20120530xxk f 000 0 eng d | ||
| 035 | _a(Sirsi) u156507 | ||
| 041 | 0 | _aeng | |
| 100 | 1 | _aDonnell, Richard | |
| 245 | 0 | 0 |
_aHouse prices up 0.2% on strength of London market _h[electronic resource] |
| 260 | _c2012 | ||
| 490 | 0 |
_aHometrack Monthly National Housing Survey _v28 May 2012 |
|
| 520 | _aHouse prices increased by 0.2% in May 2012. The headline figure was boosted by London which saw a 0.6% growth in prices. House prices in the South East and East Anglia grew by 0.1%, in all other regions they remained either static or fell. Increased mortgage rates and mounting concerns over the impact of the Eurozone on the UK's economic growth and employment are likely to keep demand and prices in check through 2012. | ||
| 590 | _aKA | ||
| 651 | 4 |
_aUnited Kingdom _y |
|
| 690 |
_aResidential property _96266 |
||
| 856 | 4 | 0 |
_uhttps://www.hometrack.co.uk/our-insight/monthly-national-house-price-survey/house-prices-up-02-on-strength-of-london-market _zView this item free of charge at www.hometrack.co.uk |
| 942 | _n0 | ||
| 999 |
_c114282 _d114282 |
||